| 000 | 01074nam0a22002891 4500 | ||
|---|---|---|---|
| 001 | RU\INFOCOMM_327\NLR\5000057530 | ||
| 005 | 20250613112311.0 | ||
| 035 | _a(NLR Aleph) 009607244 | ||
| 090 |
_a9348760 _c9348760 |
||
| 100 | _a20130314d1973 |||y0rusy50 ca | ||
| 101 | 0 | _aeng | |
| 102 | _aRU | ||
| 105 | _ay z ||||| | ||
| 200 | 1 |
_aOn structure functions of the deep inelastic e-p scattering _fS. I. Bilenkaya, S. M. Bilenky, Yu. M. Kazarinov, L. I. Lapidus |
|
| 210 |
_aДубна _d1973 |
||
| 215 |
_a30 с. _cграф. _d21 см |
||
| 225 | 1 |
_a[Сообщения] _fОбъедин. ин-т ядерных исследований _iЛаборатория ядерных проблем _vЕ1-7275 |
|
| 320 | _aБиблиогр.: с. 21-22 | ||
| 606 | 0 |
_aЭлектроны _xРассеяние протонами _2nlr_sh1 |
|
| 686 |
_aВ382.343 _2rubbk |
||
| 701 | 1 |
_9z01790 _aBilen'kaja _bS. I. |
|
| 790 | 1 |
_9z01701 _aBilenkaya _bS. I. _4070 |
|
| 801 | 1 |
_aRU _bInfocomm _c20130314 |
|
| 801 | 0 |
_aRU _bINFOCOMM _gPSBO |
|
| 852 |
_aNLR _jP11/3130 |
||
| 942 | _cBOOK | ||
| 980 | _aNB | ||